| 000 | 01078nam a2200265 a 4500 | ||
|---|---|---|---|
| 001 | 000013696 | ||
| 003 | OSt | ||
| 005 | 20240530073932.0 | ||
| 008 | 091127s1968 ve 001 e spa d | ||
| 040 |
_aDO-SdBNP _bspa _cBNPHU |
||
| 082 |
_aRD864.44 _bJ61a |
||
| 100 | 1 |
_aJimenes Grullón, Juan Isidro, _d1903-1983 _92482 |
|
| 245 | 1 | 0 |
_aAnti-Sábato o Ernesto Sábato : _bun escritor dominado por fantasmas / _cJuan Isidro Jimenez Grullón. |
| 260 |
_aMaracaibo, Venezuela : _bUniversidad de Zulia, _c1968. |
||
| 300 |
_a104 p. ; _c23 cm. |
||
| 504 | _aIncluye bibliográficas y notas al pie de páginas. | ||
| 586 | _aPrimer premio en el Concurso de Ensayos, 1967 de la Facultad de Humanidades y Educación de la Universidad de Zulia. | ||
| 590 | _aInventariado, 2020/VM | ||
| 600 | 1 | 4 |
_aSÁBATO, ERNESTO, _d1911- _xCRÍTICA E INTERPRETACIÓN _927222 |
| 650 | 4 |
_aAutores argentinos _xCrítica e interpretación _927223 |
|
| 650 | 0 |
_aEnsayos dominicanos _965 |
|
| 650 | 0 |
_aLiteratura dominicana. _967 |
|
| 910 | _aVMateo /Validado. Control de calidad EMS | ||
| 942 |
_2ddc _cLBS1 |
||
| 999 |
_c13309 _d13309 |
||